<?xml version="1.0" encoding="UTF-8"?>
<record
    xmlns:xsi="http://www.w3.org/2001/XMLSchema-instance"
    xsi:schemaLocation="http://www.loc.gov/MARC21/slim http://www.loc.gov/standards/marcxml/schema/MARC21slim.xsd"
    xmlns="http://www.loc.gov/MARC21/slim">

  <leader>00659cam a2200193 a 4500</leader>
  <controlfield tag="005">20180803170212.0</controlfield>
  <controlfield tag="008">160115s19610000ck a          0     spa d</controlfield>
  <datafield tag="040" ind1=" " ind2=" ">
    <subfield code="a">CO-BoPUJ</subfield>
    <subfield code="c">CO-BoIAVH </subfield>
  </datafield>
  <datafield tag="041" ind1=" " ind2=" ">
    <subfield code="a">spa</subfield>
  </datafield>
  <datafield tag="082" ind1="0" ind2="4">
    <subfield code="a">581.464</subfield>
    <subfield code="b">R76f2</subfield>
  </datafield>
  <datafield tag="100" ind1="1" ind2=" ">
    <subfield code="a">Romero Castaneda, Rafael</subfield>
    <subfield code="d"> - 1973</subfield>
  </datafield>
  <datafield tag="245" ind1="1" ind2="0">
    <subfield code="a">Frutas silvestres de Colombia:</subfield>
    <subfield code="b">vol&#xFA;men 2 /</subfield>
    <subfield code="c">Rafael Romero Castaneda</subfield>
  </datafield>
  <datafield tag="260" ind1=" " ind2=" ">
    <subfield code="a">Bogot&#xE1;:</subfield>
    <subfield code="b">Universidad Nacional de Colombia.  Instituto de Ciencias Naturales;</subfield>
    <subfield code="c">1969.</subfield>
  </datafield>
  <datafield tag="300" ind1=" " ind2=" ">
    <subfield code="a">volumenes, 384 p&#xE1;ginas</subfield>
  </datafield>
  <datafield tag="650" ind1="2" ind2="4">
    <subfield code="a">Fruticultura</subfield>
    <subfield code="z">Colombia</subfield>
  </datafield>
  <datafield tag="650" ind1="2" ind2="4">
    <subfield code="a">Frutas</subfield>
    <subfield code="v">Clasificaci&#xF3;n</subfield>
  </datafield>
  <datafield tag="650" ind1="2" ind2="4">
    <subfield code="a">Frutas</subfield>
  </datafield>
  <datafield tag="942" ind1=" " ind2=" ">
    <subfield code="2">ddc</subfield>
    <subfield code="c">LIBRO</subfield>
  </datafield>
  <datafield tag="999" ind1=" " ind2=" ">
    <subfield code="c">17983</subfield>
    <subfield code="d">17983</subfield>
  </datafield>
  <datafield tag="952" ind1=" " ind2=" ">
    <subfield code="0">0</subfield>
    <subfield code="1">0</subfield>
    <subfield code="2">ddc</subfield>
    <subfield code="4">0</subfield>
    <subfield code="7">0</subfield>
    <subfield code="8">FONDO RAMI</subfield>
    <subfield code="I">INV2017</subfield>
    <subfield code="a">Bogota</subfield>
    <subfield code="b">Bogota</subfield>
    <subfield code="d">2016-01-15</subfield>
    <subfield code="e">Instituto</subfield>
    <subfield code="l">0</subfield>
    <subfield code="o">FRO-581.464 R76f2</subfield>
    <subfield code="p">039535</subfield>
    <subfield code="r">2016-01-15 00:00:00</subfield>
    <subfield code="t">Ej. 1</subfield>
    <subfield code="w">2016-01-15</subfield>
    <subfield code="x">Donaci&#xF3;n</subfield>
    <subfield code="y">LIBRO</subfield>
  </datafield>
</record>
